000
00290nam a22001217a 4500
008
171030b xxu||||| |||| 00| 0 eng d
041
_a
eng
080
_a
33
100
_a
58
101
_a
BUS
245
_a
THE THEORY AND MEASUREMENT OF BUSSINESS INCOME
_c
EGER.O.E
942
_2
udc
_c
BK
999
_c
36576
_d
36576